=LDR 00000nam 2200000 4500 =001 INLIS000000000030885 =005 20130612133009 =008 ***********************************ind** =035 ##$$0010-061300000030885 =041 ##$$a ind =082 ##$$a 372.634 =090 ##$$a 372.634, Lai l =100 ##$$a Layreky =245 ##$$a Lancar menulis huruf tegak bersambung, oleh Laireky,Runesi =260 ##$$a 2009 $b Jakarta =300 ##$$a 64 hlm, ilus, 20 cm =650 ##$$a Tulisan- Pendidikan Dasar =850 ##$$a NBPNMAT